000 00579cam a22002053a 4500
001 39815
003 PGUSA
005 20140828083904.0
008 120527s2012||||xxu|||||s|||||000 | eng d
040 _aPGUSA
_beng
042 _adc
100 1 _aBrooks, Sarah Warner
245 1 0 _aMy Fire Opal, and Other Tales
_h[electronic resource] /
_cSarah Warner Brooks
260 _bProject Gutenberg,
_c2012
506 _aPublic domain in the USA.
516 _aElectronic text
830 0 _aProject Gutenberg
_v39815
856 4 0 _uhttp://www.gutenberg.org/ebooks/39815
942 _cEB
999 _c269068
_d269068